000 01126cam a22003737a 4500
003 CHAP
005 20230619124724.0
008 971013s1986 r 00010 d
010 _a1733
011 _a2705
035 _a1901
040 _cCHAP
082 _a641.1
_bB5 1986
100 1 0 _aBirch, Gordon Gerard
_912899
245 0 _aFood science
250 _a3 ed.
260 _aOxford :
_bPergamon,
_c1986
300 _a175 p.
_b: ilus.
590 _aBATCH-UPD
_b10
_c20130110
_lUCH01
_h0317
590 _aBATCH-UPD
_b10
_c20130110
_lUCH01
_h1444
590 _aBATCH-UPD
_b10
_c20130409
_lUCH01
_h2349
590 _aBATCH-UPD
_b10
_c20130914
_lUCH01
_h0114
590 _aCONVERSION
_b10
_c20130109
_lUCH01
_h1302
650 1 4 _aAlimentos
_xAnálisis.
_94164
650 1 4 _aAlimentos
_xConservación.
_94179
650 1 4 _aAlimentos
_xProcesado.
_94267
650 1 4 _aBebidas.
_911110
650 1 4 _aNutrición.
_982246
700 1 _aCameron, Allan G.
_917840
700 1 _aSpencer, Michael
_9109196
901 _aBK
942 _cLIBRO
949 _a641.1 B5 1986
_bBC
_cLIBRO
_d33724000272027
_eLIBRO
_gI.156401
_h79280
_i1901
_si
_t128.73
999 _c1733
_d1733